[Event "Global Chess League 2023"]
[Site "Dubai UAE"]
[Date "2023.06.29"]
[Round "8.4"]
[White "Krush,I"]
[Black "Lagno,Kateryna"]
[Result "1/2-1/2"]
[WhiteElo "2436"]
[BlackElo "2552"]

1.d4 Nf6 2.c4 e6 3.Nc3 d5 4.cxd5 exd5 5.Bg5 Be7 6.e3 O-O 7.Bd3 Re8 8.Nf3 h6
9.Bh4 c6 10.O-O Ne4 11.Bxe7 Qxe7 12.Qc2 Bf5 13.Bxe4 dxe4 14.Ne5 Nd7 15.Nxd7 Qxd7
16.Rfd1 Rad8 17.b4 Qe7 18.a3 Rd6 19.Kh1 Bg4 20.Rd2 h5 21.Ne2 h4 22.h3 Bxe2
23.Rxe2 Rd5 24.Qd1 Qg5 25.Rc2 Re6 26.Rc5 Rg6 27.Qg4 Qf6 28.Qe2 Rdg5 29.Rxg5 Qxg5
30.Qf1 Rf6 31.Rc1 a5 32.Qe2 axb4 33.axb4 Rg6 34.Qf1 Rf6 35.Qe2 Rg6 36.Qf1  1/2-1/2

[Event "Global Chess League 2023"]
[Site "Dubai UAE"]
[Date "2023.06.30"]
[Round "9.4"]
[White "Krush,I"]
[Black "Kosteniuk,A"]
[Result "1/2-1/2"]
[WhiteElo "2436"]
[BlackElo "2523"]

1.d4 Nf6 2.c4 e6 3.Nc3 Bb4 4.e3 b6 5.Ne2 Ne4 6.Bd2 Nxd2 7.Qxd2 O-O 8.a3 Be7
9.g3 c6 10.d5 Ba6 11.Nd4 g6 12.Be2 Bb7 13.O-O cxd5 14.cxd5 Na6 15.b4 Nc7
16.Bf3 Qb8 17.Rab1 e5 18.Nc2 Ne8 19.Be2 Nd6 20.b5 f5 21.Nb4 Qe8 22.Rbc1 Rc8
23.Bd3 Qf7 24.Ne2 Rc5 25.Nc3 e4 26.Be2 Nc4 27.Bxc4 Rxc4 28.d6 Bd8 29.Ncd5 Rc5
30.Nc7 Bxc7 31.dxc7 Rc8 32.Qd6 Qe6 33.Qf4 Rxb5 34.h4 Rc5 35.h5 Qf6 36.Qh6 R8xc7
37.Rcd1 d5 38.Kg2 a5 39.Na2 Rc2 40.Nc1 Rf7 41.hxg6 Qxg6 42.Qf4 Qg4 43.Qb8+ Rc8
44.Qe5 f4 45.exf4 e3 46.fxe3 Rc2+ 47.Rf2 d4+ 48.e4 Rxf2+ 49.Kxf2 Qxd1 50.Qg5+ Kf8
51.Qd8+ Kg7 52.Qg5+ Kh8 53.Qd8+ Kg7 54.Qg5+  1/2-1/2

[Event "Global Chess League 2023"]
[Site "Dubai UAE"]
[Date "2023.07.01"]
[Round "10.4"]
[White "Krush,I"]
[Black "Koneru,H"]
[Result "0-1"]
[WhiteElo "2436"]
[BlackElo "2567"]

1.c4 e5 2.Nc3 Bb4 3.Nd5 Be7 4.Nf3 d6 5.g3 Nf6 6.Nxe7 Qxe7 7.Bg2 c5 8.d3 Nc6
9.Bd2 O-O 10.O-O h6 11.a3 Be6 12.Qc2 a5 13.Rab1 d5 14.cxd5 Nxd5 15.Rfc1 b6
16.e4 Nf6 17.b4 axb4 18.axb4 Nd7 19.bxc5 bxc5 20.h3 Qd6 21.Bf1 f5 22.exf5 Rxf5
23.Nh4 Rf6 24.Be3 Nd4 25.Bxd4 Qxd4 26.Rb2 Raf8 27.Qc3 g5 28.Ng2 Bxh3 29.Ne3 Bxf1
30.Nxf1 Rf3 31.Qc4+ Kh8 32.Rd2 R8f6 33.Kg2 Rxf2+ 34.Rxf2 Rxf2+ 35.Kh1 Qxc4
36.dxc4 Kg7 37.Kg1 Re2 38.Rd1 Nb6 39.Nd2 Na4 40.Nb3 Re3 41.Na5  0-1

[Event "Tata Steel India Rapid w"]
[Site "Kolkata IND"]
[Date "2023.08.31"]
[Round "1.4"]
[White "Ushenina,A"]
[Black "Krush,I"]
[Result "1/2-1/2"]
[WhiteElo "2434"]
[BlackElo "2447"]

1.d4 d5 2.c4 dxc4 3.Nf3 a6 4.e3 Bg4 5.Bxc4 e6 6.h3 Bh5 7.O-O Nf6 8.Be2 c5
9.Qb3 Nc6 10.Rd1 Qc7 11.Nc3 Be7 12.dxc5 Bxc5 13.Bd2 O-O 14.Rac1 Bd6 15.a3 h6
16.Be1 Rfd8 17.Na4 Qe7 18.Nb6 Rab8 19.Nc4 Bc7 20.Rxd8+ Rxd8 21.Kf1 Bb8 22.Na5 Nxa5
23.Bxa5 Re8 24.Bb4 Qd7 25.Qc4 Nd5 26.Ba5 Qe7 27.Rd1 Qf6 28.Rd2 Qe7 29.Rc2 Bg6
30.Rc1 Bh5 31.Rc2 Bg6 32.Rc1 Bh5 33.Rc2 Bg6  1/2-1/2

[Event "Tata Steel India Rapid w"]
[Site "Kolkata IND"]
[Date "2023.08.31"]
[Round "2.1"]
[White "Krush,I"]
[Black "Koneru,H"]
[Result "1-0"]
[WhiteElo "2447"]
[BlackElo "2553"]

1.d4 d5 2.c4 e6 3.Nc3 Be7 4.cxd5 exd5 5.Bf4 Nf6 6.e3 O-O 7.Bd3 c5 8.Nge2 Nc6
9.O-O c4 10.Bc2 a6 11.a4 Nb4 12.b3 b6 13.bxc4 dxc4 14.e4 Bb7 15.f3 Qd7 16.Bb1 b5
17.Be3 Rfe8 18.Kh1 Bf8 19.Qd2 Nd3 20.Bxd3 cxd3 21.Qxd3 b4 22.Nd1 a5 23.Nf2 Ba6
24.Qd2 b3 25.Nd3 Reb8 26.Nc3 Bb4 27.Rfb1 Qc8 28.Nxb4 Rxb4 29.d5 Qc4 30.d6 Rd8
31.e5 Ne8 32.h3 Rb7 33.Ne4 Qb4 34.Nc5 Qxd2 35.Bxd2 Ra7 36.Nxa6 Rxa6 37.Rxb3 f6
38.f4 fxe5 39.fxe5 Kf7 40.Rb7+ Ke6 41.Re7+ Kd5 42.Rd1 Kc4 43.Be1 Kb3 44.Rxe8 Rxe8
45.d7 Rd8 46.Bh4 Rxd7 47.Rxd7 Kxa4 48.Rxg7  1-0

[Event "Tata Steel India Rapid w"]
[Site "Kolkata IND"]
[Date "2023.08.31"]
[Round "3.2"]
[White "Ju,Wenjun"]
[Black "Krush,I"]
[Result "1-0"]
[WhiteElo "2568"]
[BlackElo "2447"]

1.d4 d5 2.c4 dxc4 3.Nf3 a6 4.e3 Bg4 5.Bxc4 e6 6.O-O Nf6 7.b3 c5 8.h3 Bh5
9.dxc5 Qxd1 10.Rxd1 Bxf3 11.gxf3 Bxc5 12.Bb2 Nbd7 13.Nd2 Ke7 14.f4 Rac8 15.Rac1 Bb4
16.Nb1 Rc7 17.a3 Bd6 18.b4 Rhc8 19.Bb3 Rxc1 20.Rxc1 Rxc1+ 21.Bxc1 g6 22.Nd2 Nd5
23.Bb2 b5 24.Ne4 Bc7 25.Kf1 Bb6 26.Ke2 N7f6 27.Ng5 h6 28.Nf3 Nd7 29.Kd3 Kd6
30.Bc1 Ke7 31.Nd4 h5 32.e4 N5f6 33.Be3 Bc7 34.a4 bxa4 35.Bxa4 Bd6 36.Nc6+ Kf8
37.e5  1-0

[Event "Tata Steel India Rapid w"]
[Site "Kolkata IND"]
[Date "2023.09.01"]
[Round "4.1"]
[White "Divya,Deshmukh"]
[Black "Krush,I"]
[Result "1-0"]
[WhiteElo "2372"]
[BlackElo "2447"]

1.e4 c5 2.Nf3 e6 3.d4 cxd4 4.Nxd4 a6 5.Bd3 Bc5 6.Nb3 Ba7 7.O-O Ne7 8.c4 Nbc6
9.Nc3 O-O 10.Qe2 d6 11.Be3 Bxe3 12.Qxe3 b6 13.Rfd1 Bb7 14.f4 Qc7 15.Rac1 Na5
16.Nxa5 bxa5 17.Be2 Bc6 18.Nd5 Qb7 19.Nxe7+ Qxe7 20.Bf3 Rab8 21.e5 d5 22.cxd5 Bxd5
23.Bxd5 exd5 24.b3 Qe6 25.Rc5 a4 26.Rcxd5 axb3 27.axb3 h6 28.R1d4 Rfe8 29.h3 Qf5
30.Kh2 Qe6 31.Qd3 g6 32.b4 Kg7 33.Rd7 Rb6 34.R4d6 Rxd6 35.Rxd6 Qa2 36.Rxa6 Qf2
37.Rf6 Re7 38.b5 Rc7 39.Qd5 h5 40.b6 h4 41.Qb3 Rb7 42.Kh1 Qf1+ 43.Kh2 Qf2
44.Qf3 Qe1 45.Rd6 Re7 46.Rd1 Qb4 47.Qf2 Rb7 48.Rd6 Re7 49.Qxh4 Re8 50.Qf6+ Kg8
51.Rd7 Rf8 52.e6  1-0

[Event "Tata Steel India Rapid w"]
[Site "Kolkata IND"]
[Date "2023.09.01"]
[Round "5.4"]
[White "Krush,I"]
[Black "Vantika,Agrawal"]
[Result "1-0"]
[WhiteElo "2447"]
[BlackElo "2430"]

1.d4 Nf6 2.c4 e6 3.Nc3 d5 4.cxd5 Nxd5 5.Nf3 c5 6.e3 cxd4 7.exd4 Nxc3 8.bxc3 Qc7
9.Bd2 Bd6 10.Bd3 Nd7 11.O-O b6 12.h3 Bb7 13.Qe2 Bf4 14.Be3 O-O 15.Rac1 Rac8
16.Qd2 Bd6 17.Qe2 Nf6 18.c4 Bf4 19.Bxf4 Qxf4 20.Qe3 Qxe3 21.fxe3 Rc7 22.a4 Ne4
23.a5 Nd6 24.Nd2 Ba6 25.axb6 axb6 26.Rc2 Rfc8 27.Ra1 Bb7 28.Rb2 g6 29.Rxb6 Nf5
30.Kf2 Bc6 31.Nf3 Bxf3 32.gxf3 Kg7 33.Bxf5 gxf5 34.c5 e5 35.Rg1+ Kf8 36.Rg5 exd4
37.exd4 Rd8 38.Ke3 Re7+ 39.Kd3 Re1 40.Rd6 Rxd6 41.cxd6 Re6 42.Rxf5 Rxd6 43.h4 Ke7
44.Ke4 Ra6 45.Rh5 h6 46.Rb5 Ke6 47.Re5+ Kd6 48.Kf5 Ra4 49.Re4 Ra3 50.Rf4 Ke7
51.Re4+ Kd6 52.Kg4 Rd3 53.Rf4 Ke6 54.Kh5 f5 55.Kxh6 Kf6 56.d5 Ke5 57.Kg5 Kxd5
58.Kxf5 Rd1 59.h5 Rh1 60.Kg6 Kd6 61.h6 Ke7 62.h7 Ke8 63.Kg7 Rg1+ 64.Rg4 Rh1
65.h8=Q+ Rxh8 66.Kxh8 Kf7 67.f4  1-0

[Event "Tata Steel India Rapid w"]
[Site "Kolkata IND"]
[Date "2023.09.01"]
[Round "6.3"]
[White "Shuvalova,Polina"]
[Black "Krush,I"]
[Result "1/2-1/2"]
[WhiteElo "2496"]
[BlackElo "2447"]

1.e4 c5 2.Nf3 e6 3.c3 d5 4.exd5 Qxd5 5.d4 Nf6 6.Na3 Nc6 7.Be3 cxd4 8.Nb5 Qd8
9.Nbxd4 Nd5 10.Nxc6 bxc6 11.Bd2 Be7 12.Be2 O-O 13.O-O c5 14.c4 Nf6 15.h3 Bb7
16.Qc2 Qc7 17.Rad1 Ne4 18.Be3 f5 19.Bc1 Bf6 20.Rfe1 Rae8 21.Bd3 Qc6 22.Bf1 g5
23.Bd3 Nd6 24.Bf1 Ne4 25.Bd3 Nd6 26.Bf1 Ne4 27.Nd2 Nxf2 28.Kxf2 Bd4+ 29.Ke2 f4
30.Nf3  1/2-1/2

[Event "Tata Steel India Rapid w"]
[Site "Kolkata IND"]
[Date "2023.09.02"]
[Round "7.4"]
[White "Krush,I"]
[Black "Dronavalli,Harika"]
[Result "1/2-1/2"]
[WhiteElo "2447"]
[BlackElo "2500"]

1.d4 d5 2.c4 e6 3.Nc3 c5 4.cxd5 exd5 5.Nf3 Nc6 6.dxc5 d4 7.Na4 Bxc5 8.Nxc5 Qa5+
9.Bd2 Qxc5 10.e3 dxe3 11.Bxe3 Qb4+ 12.Bd2 Qe7+ 13.Be2 Nf6 14.O-O O-O 15.Re1 Bf5
16.Qb3 Be6 17.Qa4 Rfd8 18.Bc4 h6 19.Bxe6 fxe6 20.Qc4 Rd5 21.Bc3 Qf7 22.Re2 Nd7
23.Rae1 Re8 24.h3 Re7 25.Re3 Nf8 26.b4 a6 27.a4 Rc7 28.Qb3 b5 29.axb5 axb5
30.Qb2 Rcd7 31.Qe2 Rd8 32.Ne5 Nxe5 33.Rxe5 Rxe5 34.Qxe5 Rd5 35.Qe4 Qd7 36.Re3 Rg5
37.h4 Rf5 38.Rg3 Rf7 39.Qe3 Qd1+ 40.Kh2 Qh5 41.Qe4 Qd5 42.Qe3 Qh5 43.Qe4 Qd5
44.Qe3  1/2-1/2

[Event "Tata Steel India Rapid w"]
[Site "Kolkata IND"]
[Date "2023.09.02"]
[Round "8.5"]
[White "Batsiashvili,N"]
[Black "Krush,I"]
[Result "1-0"]
[WhiteElo "2474"]
[BlackElo "2447"]

1.d4 d5 2.c4 e6 3.Nc3 Nf6 4.Nf3 h6 5.e3 a6 6.b3 c5 7.cxd5 cxd4 8.Qxd4 exd5
9.Bb2 Nc6 10.Qd3 Bd6 11.Be2 O-O 12.O-O Re8 13.Rfd1 Be6 14.Rac1 Qe7 15.h3 Bc7
16.Bf1 Rad8 17.Ne2 Ne4 18.Ned4 Bd7 19.Nxc6 bxc6 20.Qd4 f6 21.Bxa6 Qd6 22.Be2 h5
23.b4 Rb8 24.a3 Bb6 25.Qd3 Nxf2 26.Kxf2 Bxe3+ 27.Qxe3 Rxe3 28.Kxe3 Qg3 29.Kd2 Re8
30.Bf1 Qf2+ 31.Kc3 Bf5 32.Kb3 Re3+ 33.Ka2 Be4 34.Rd2 Qg3 35.Rxc6 d4 36.Rc8+ Kh7
37.Rxd4 Bf5 38.Rc5 Be6+ 39.Bc4 Bxc4+ 40.Rdxc4 Qxg2 41.Rxh5+ Kg8 42.Nd4 Re8
43.b5 Qg6 44.Rhc5 Qd3 45.Rc8 Kh7 46.Rc3 Qe4 47.Rxe8 Qxe8 48.b6 Qd7 49.Rb3 Qb7
50.Nf5  1-0

[Event "Tata Steel India Rapid w"]
[Site "Kolkata IND"]
[Date "2023.09.02"]
[Round "9.5"]
[White "Krush,I"]
[Black "Savitha,Shri B"]
[Result "0-1"]
[WhiteElo "2447"]
[BlackElo "2375"]

1.d4 Nf6 2.c4 g6 3.Nc3 Bg7 4.e4 d6 5.Nf3 O-O 6.Be2 e5 7.O-O Na6 8.Be3 Qe7
9.dxe5 dxe5 10.Nd5 Qd8 11.Qc2 Ng4 12.Bd2 c6 13.Nc3 Qe7 14.h3 Nf6 15.Be3 b6
16.a3 c5 17.Nd5 Nxd5 18.cxd5 f5 19.Rfd1 Qd6 20.Rac1 Bb7 21.Qa4 Nc7 22.b4 cxb4
23.Qxb4 Ne8 24.Qb3 Kh8 25.Ng5 Nf6 26.Bd2 a5 27.Ne6 Rf7 28.Be3 fxe4 29.Rc6 Bxc6
30.dxc6 Qxc6 31.Nd8 Rxd8 32.Rxd8+ Rf8 33.Rd1 Nd7 34.Bb5 Nc5 35.Bxc6 Nxb3
36.Bxb6 Rf6 37.Rd8+ Bf8 38.Rc8 Nd4 39.Bxe4 Rxb6 40.Rxf8+ Kg7 41.Ra8 Ne2+
42.Kh2 Nc3 43.Ra7+ Kf6 44.Ba8 a4 45.Rxh7 Rb3 46.Ra7 Rxa3 47.Ra6+ Kg5 48.Bc6 Ra1
49.Be8 a3 50.Bxg6 a2 51.Bf7 e4 52.Kg3 Ne2+ 53.Kh2 Nc3 54.Bc4 Rc1 55.Bxa2 Rc2
56.Bc4 Rxf2 57.Kg3 Rc2 58.h4+ Kf5 59.Ra5+ Kf6 60.Ra6+ Kf5 61.Ra5+ Kf6 62.h5 e3
63.Ra6+  0-1

[Event "Tata Steel India Blitz w"]
[Site "Kolkata IND"]
[Date "2023.09.03"]
[Round "1.4"]
[White "Ushenina,A"]
[Black "Krush,I"]
[Result "1/2-1/2"]
[WhiteElo "2434"]
[BlackElo "2447"]

1.d4 d5 2.c4 dxc4 3.Nf3 a6 4.e3 Bg4 5.Bxc4 e6 6.h3 Bh5 7.Nc3 Nc6 8.Be2 Nf6
9.O-O Bd6 10.a3 O-O 11.b4 Qe7 12.Bb2 Rfd8 13.Qb3 e5 14.dxe5 Nxe5 15.Nd4 Bxe2
16.Ncxe2 g6 17.Rad1 c6 18.Nf4 Ned7 19.Nde2 Be5 20.Nd3 Bxb2 21.Qxb2 Ne4 22.Nc3 Nd6
23.Qb3 Nf6 24.Nc5 Nde4 25.N3xe4 Nxe4 26.Nxe4 Qxe4 27.Qc3 Rd5 28.f3 Qe6 29.e4 Rd7
30.Rd2 Rad8 31.Rfd1 Rxd2 32.Rxd2 Rxd2 33.Qxd2 Qe7 34.Qd4 h5 35.a4 Qc7 36.a5 Qe7
37.f4 Kh7 38.e5 Qe6 39.Qd6 Qf5 40.Qd4 h4 41.Qf2 Qh5 42.Qd4 Qe2 43.Kh2 Qe1
44.Qc4 Qg3+ 45.Kg1 Qe1+ 46.Kh2 Qg3+ 47.Kg1  1/2-1/2

[Event "Tata Steel India Blitz w"]
[Site "Kolkata IND"]
[Date "2023.09.03"]
[Round "2.1"]
[White "Krush,I"]
[Black "Koneru,H"]
[Result "1/2-1/2"]
[WhiteElo "2447"]
[BlackElo "2553"]

1.d4 Nf6 2.c4 e6 3.Nc3 Bb4 4.e3 O-O 5.Bd3 d5 6.Nf3 b6 7.O-O dxc4 8.Bxc4 Bb7
9.Qe2 c5 10.Rd1 cxd4 11.exd4 h6 12.Ne5 Qe7 13.Rd3 Nc6 14.Nxc6 Bxc6 15.Rg3 Kh8
16.Bf4 Rac8 17.Bd3 Bd6 18.Be5 Rfd8 19.Re1 Bb7 20.Qe3 Bxe5 21.dxe5 Nd7 22.Qf4 Nf8
23.Qg4 Qg5 24.Qe2 Qe7 25.Qg4 Qg5 26.Qe2 Qe7 27.Qg4 Qg5 28.Qe2 Qe7  1/2-1/2

[Event "Tata Steel India Blitz w"]
[Site "Kolkata IND"]
[Date "2023.09.03"]
[Round "3.5"]
[White "Ju,Wenjun"]
[Black "Krush,I"]
[Result "1-0"]
[WhiteElo "2568"]
[BlackElo "2447"]

1.d4 d5 2.c4 dxc4 3.e3 e5 4.Bxc4 Nc6 5.d5 Na5 6.Qa4+ c6 7.dxc6 Nxc6 8.Nf3 Bd6
9.Nc3 Nf6 10.O-O O-O 11.Qc2 Qe7 12.Ng5 g6 13.Rd1 Bf5 14.e4 Bg4 15.f3 Bc5+
16.Kh1 Nd4 17.Qd3 Bd7 18.Bd2 Kg7 19.Rac1 Rad8 20.Nd5 Nxd5 21.Bxd5 b6 22.Nh3 Bxh3
23.gxh3 Ne6 24.Qe2 Nf4 25.Bxf4 exf4 26.Rd3 Qe5 27.Rcd1 Rd6 28.Qc2 a5 29.Qc3 Kf6
30.Kg2 Qxc3 31.Rxc3 Ke5 32.Rcd3 f6 33.Bb3  1-0

[Event "Tata Steel India Blitz w"]
[Site "Kolkata IND"]
[Date "2023.09.03"]
[Round "4.2"]
[White "Divya,Deshmukh"]
[Black "Krush,I"]
[Result "1/2-1/2"]
[WhiteElo "2372"]
[BlackElo "2447"]

1.e4 c5 2.Nf3 e6 3.d4 cxd4 4.Nxd4 a6 5.Bd3 Bc5 6.Nb3 Ba7 7.Qe2 Ne7 8.c4 O-O
9.Nc3 d5 10.O-O dxc4 11.Bxc4 b5 12.Bd3 Bb7 13.Rd1 Nd7 14.Bf4 e5 15.Be3 Bxe3
16.Qxe3 b4 17.Na4 Bc6 18.Nac5 Qb6 19.Nxd7 Qxe3 20.fxe3 Bxd7 21.Nc5 Bb5 22.Bxb5 axb5
23.Nd3 b3 24.axb3 f6 25.Nb4 Rxa1 26.Rxa1 Rd8 27.Ra7 Kf8 28.Kf1 Rd2 29.Ra8+ Kf7
30.Ra7 Kf8 31.Ra8+ Kf7 32.Ra7 Kf8 33.Ra2 h5 34.h3 h4 35.Ra8+ Kf7 36.Ra7 Kf8
37.Ra8+ Kf7 38.Ra2 g5 39.Ra7 Kf8 40.Ra6 Kf7 41.Ra7 Kf8 42.Ra2 Kf7 43.Ra7 Kf8
44.Ra8+ Kf7 45.Ra2  1/2-1/2

[Event "Tata Steel India Blitz w"]
[Site "Kolkata IND"]
[Date "2023.09.03"]
[Round "5.4"]
[White "Krush,I"]
[Black "Vantika,Agrawal"]
[Result "0-1"]
[WhiteElo "2447"]
[BlackElo "2430"]

1.d4 Nf6 2.c4 g6 3.Nc3 Bg7 4.e4 d6 5.Nf3 O-O 6.Be2 e5 7.O-O Bg4 8.Be3 Bxf3
9.Bxf3 exd4 10.Bxd4 Nc6 11.Be3 Re8 12.Qc2 Nd7 13.Rad1 Bxc3 14.Qxc3 Qf6 15.Qc2 Nc5
16.Rfe1 a5 17.Re2 Ne5 18.Bxc5 dxc5 19.Qc3 Re6 20.h3 b6 21.Re3 h5 22.Be2 h4
23.Bf3 Rae8 24.Rde1 Qg5 25.Kh1 Nc6 26.Kg1 Nd4 27.Bd1 Qf4 28.Bc2 Re5 29.Bb1 Rg5
30.Kf1 Qh2  0-1

[Event "Tata Steel India Blitz w"]
[Site "Kolkata IND"]
[Date "2023.09.03"]
[Round "6.2"]
[White "Shuvalova,Polina"]
[Black "Krush,I"]
[Result "1-0"]
[WhiteElo "2496"]
[BlackElo "2447"]

1.e4 c5 2.Nf3 e6 3.d4 cxd4 4.Nxd4 a6 5.Bd3 Bc5 6.Nb3 Ba7 7.Qe2 Ne7 8.Be3 O-O
9.c4 Bxe3 10.Qxe3 d5 11.O-O Nbc6 12.N1d2 d4 13.Qe2 e5 14.c5 Be6 15.Nc4 Qc7
16.a3 a5 17.Rac1 h6 18.Nbd2 Rad8 19.g3 Bh3 20.Rfe1 Nc8 21.Kh1 Qe7 22.g4 Qh4
23.Rg1 N8e7 24.Nd6 Ng6 25.Nf5 Qf6 26.Qf3 Nf4 27.Rg3 g6 28.Nd6 Qh4 29.Rcg1 Rd7
30.Bb5 Kg7 31.N2c4 Re7 32.Nxb7 Na7 33.Ba6 Rb8 34.Nbxa5 Nb5 35.Nc6 Rbe8 36.Nxe7 Rxe7
37.Bxb5 d3 38.Nxe5 Rxe5 39.Qxf4 Rxc5 40.Bxd3 Rc8 41.Qe3 Rd8 42.Rxh3 h5  1-0

[Event "Tata Steel India Blitz w"]
[Site "Kolkata IND"]
[Date "2023.09.03"]
[Round "7.4"]
[White "Krush,I"]
[Black "Dronavalli,Harika"]
[Result "1/2-1/2"]
[WhiteElo "2447"]
[BlackElo "2500"]

1.d4 g6 2.c4 Bg7 3.Nc3 d6 4.e4 e5 5.Nf3 Bg4 6.d5 Nd7 7.Be2 Bxf3 8.Bxf3 h5
9.h4 a5 10.b3 Ngf6 11.g3 Nc5 12.O-O Bh6 13.Bb2 O-O 14.Qe2 b6 15.Rfd1 a4 16.b4 a3
17.Bc1 Bxc1 18.Raxc1 Na4 19.Nb5 Nb2 20.Rd2 Ra4 21.Nxa3 Rxa3 22.Rxb2 Qa8 23.c5 bxc5
24.bxc5 Rb8 25.Rxb8+ Qxb8 26.cxd6 cxd6 27.Kg2 Qa7 28.Rc2 Kg7 29.Rb2 Qa5 30.Rb7 Rc3
31.Rb5 Qa3 32.Rb2 Qa5  1/2-1/2

[Event "Tata Steel India Blitz w"]
[Site "Kolkata IND"]
[Date "2023.09.03"]
[Round "8.3"]
[White "Batsiashvili,N"]
[Black "Krush,I"]
[Result "0-1"]
[WhiteElo "2474"]
[BlackElo "2447"]

1.d4 d5 2.c4 dxc4 3.Nf3 a6 4.a4 Nc6 5.e3 Na5 6.Nbd2 e6 7.Nxc4 Nxc4 8.Bxc4 Nf6
9.O-O c5 10.b3 b6 11.Ba3 Bb7 12.dxc5 Bxc5 13.Bxc5 bxc5 14.Qxd8+ Rxd8 15.a5 Ke7
16.Rfc1 Ne4 17.Rc2 Rb8 18.Nd2 Nxd2 19.Rxd2 Rhd8 20.Rad1 Rxd2 21.Rxd2 Bd5
22.Bxd5 exd5 23.Rxd5 Rxb3 24.g4 Rb5 25.Kg2 h6 26.Kf3 Rxa5 27.h4 Rb5 28.Ke4 Rb4+
29.Kf3 Rc4 30.Ke2 a5 31.h5 Ke6 32.Rf5 Rxg4 33.Rxc5 Rg5 34.Rc6+ Ke7 35.Rc7+ Ke6
36.Rc6+ Kd7 37.Ra6 Rxh5 38.f4 Rc5 39.Kf3 g6 40.e4 h5 41.Kg3 Ke7 42.Kh4 Kf8
43.Kg3 Kg7 44.e5 Rc3+ 45.Kh4 Rf3 46.e6 Rxf4+  0-1

[Event "Tata Steel India Blitz w"]
[Site "Kolkata IND"]
[Date "2023.09.03"]
[Round "9.2"]
[White "Krush,I"]
[Black "Savitha,Shri B"]
[Result "1-0"]
[WhiteElo "2447"]
[BlackElo "2375"]

1.d4 Nf6 2.c4 g6 3.Nc3 Bg7 4.Nb1 d6 5.e4 O-O 6.Nf3 e5 7.Nc3 Na6 8.Be2 Qe7
9.Bg5 Ng4 10.Nd2 f6 11.Bh4 h5 12.d5 Nh6 13.O-O Nc5 14.f3 Nd7 15.b4 g5 16.Bf2 f5
17.Nb5 c6 18.Nc7 Rb8 19.Bxa7 f4 20.c5 cxd5 21.Nxd5 Qe8 22.Bxb8 Nxb8 23.cxd6 Bd7
24.Rc1 Kh7 25.Ne7 g4 26.Nc4 Be6 27.Nb6 Qc6 28.Bc4  1-0

[Event "Tata Steel India Blitz w"]
[Site "Kolkata IND"]
[Date "2023.09.04"]
[Round "10.4"]
[White "Krush,I"]
[Black "Ushenina,A"]
[Result "1-0"]
[WhiteElo "2447"]
[BlackElo "2434"]

1.d4 d5 2.c4 e6 3.Nc3 h6 4.cxd5 exd5 5.Bf4 Nf6 6.e3 Bd6 7.Bxd6 Qxd6 8.Bd3 O-O
9.h3 c6 10.Nf3 Nbd7 11.O-O Re8 12.Qc2 Nb6 13.Ne5 Be6 14.f4 Qe7 15.Kh2 Nc8
16.g4 Nd6 17.Rg1 Rac8 18.g5 hxg5 19.Rxg5 Red8 20.Rag1 Nfe8 21.Qe2 Qf6 22.Qh5 c5
23.f5 cxd4 24.exd4 Rxc3 25.bxc3 Bd7 26.Ng4 Qe7 27.f6 Nxf6 28.Nxf6+ Qxf6 29.Qh7+ Kf8
30.Rxg7 Qf4+ 31.R7g3 Ne4 32.Bxe4 dxe4 33.Qh8+ Ke7 34.Qe5+ Qxe5 35.dxe5 Be6
36.a3 Rd5 37.Rg5 Rd3 38.R5g3 Rd5 39.Rg5 Rd3 40.R1g3 Rd2+ 41.Kg1 Ra2 42.h4 Rxa3
43.h5 Ra1+ 44.Kf2  1-0

[Event "Tata Steel India Blitz w"]
[Site "Kolkata IND"]
[Date "2023.09.04"]
[Round "11.1"]
[White "Koneru,H"]
[Black "Krush,I"]
[Result "0-1"]
[WhiteElo "2553"]
[BlackElo "2447"]

1.Nf3 c5 2.g3 Nc6 3.d4 cxd4 4.Nxd4 g6 5.Bg2 Bg7 6.Nxc6 bxc6 7.c4 Qa5+ 8.Nd2 Nf6
9.O-O O-O 10.Nb3 Qa4 11.c5 a5 12.Bd2 Qb5 13.a4 Qc4 14.Nxa5 Qxc5 15.b4 Qb6
16.Nc4 Qc7 17.Bf4 d6 18.Rc1 Bb7 19.b5 c5 20.Nxd6 Bxg2 21.Ne4 Qb7 22.Nxc5 Qd5
23.Qxd5 Bxd5 24.b6 Rad8 25.a5 Ne4 26.Nxe4 Bxe4 27.a6 Bd4 28.b7 Ba7 29.Bc7 Rd7
30.Rfd1 Rxd1+ 31.Rxd1 e6 32.Rb1 Bxb1  0-1

[Event "Tata Steel India Blitz w"]
[Site "Kolkata IND"]
[Date "2023.09.04"]
[Round "12.5"]
[White "Krush,I"]
[Black "Ju,Wenjun"]
[Result "1-0"]
[WhiteElo "2447"]
[BlackElo "2568"]

1.d4 Nf6 2.c4 e6 3.Nc3 Bb4 4.e3 O-O 5.Bd3 d5 6.Nf3 dxc4 7.Bxc4 c5 8.O-O Nc6
9.a3 Ba5 10.Qd3 h6 11.Rd1 cxd4 12.exd4 a6 13.Bb3 b5 14.d5 exd5 15.Nxd5 Be6
16.Be3 Nxd5 17.Bxd5 Bxd5 18.Qxd5 Qxd5 19.Rxd5 Rfd8 20.Rad1 Rxd5 21.Rxd5 Rd8
22.Rxd8+ Bxd8 23.Nd2 f5 24.Kf1 Kf7 25.Ke2 Ke6 26.f4 Bf6 27.b3 Kd5 28.Kd3 Nd8
29.Nf3 Ne6 30.g3 g6 31.Nd2 Be7 32.Nb1 Bf6 33.Nd2 Nd8 34.Nb1 Nc6 35.Nd2 Ne7
36.Nb1 Nc8 37.Bd2 Nd6 38.Bc3 Bd8 39.Nd2 Bb6 40.Nf3 Ne4 41.Bg7 h5 42.Ne5 Ke6
43.Nf3 Nc5+ 44.Kc2 Bc7 45.Bd4 Ne4 46.Kd3 Bd6 47.a4 Be7 48.axb5 axb5 49.Bb2 Nc5+
50.Kc2 b4 51.Bd4 Ne4 52.Kd3 Kd5 53.Ne5 g5 54.fxg5 Bxg5 55.Nf3 Be7 56.Bg7 Nc5+
57.Kc2 Ke4 58.Nd4 h4 59.gxh4 Bxh4 60.Nc6 Nd3 61.Na5 f4 62.Nc4 f3 63.Nd2+ Ke3
64.Nxf3 Ne1+ 65.Nxe1 Bxe1 66.Bf6 Ke4 67.Kd1 Bf2 68.Ke2  1-0

[Event "Tata Steel India Blitz w"]
[Site "Kolkata IND"]
[Date "2023.09.04"]
[Round "13.3"]
[White "Krush,I"]
[Black "Divya,Deshmukh"]
[Result "0-1"]
[WhiteElo "2447"]
[BlackElo "2372"]

1.d4 d5 2.c4 e6 3.Nc3 Nf6 4.cxd5 exd5 5.Bg5 Be7 6.e3 h6 7.Bh4 Bg4 8.f3 Be6
9.Bd3 O-O 10.Nge2 c5 11.O-O Nc6 12.Bf2 cxd4 13.exd4 Bd6 14.g4 h5 15.h3 Nd7
16.Qd2 Nb6 17.b3 Rc8 18.Rac1 f5 19.gxh5 f4 20.Kh2 Qg5 21.Bg6 Bf5 22.Rg1 Qh6
23.Bxf5 Rxf5 24.Rg6 Qxh5 25.Rxd6 Qxf3 26.Ng1 Qh5 27.Qe2 f3 28.Qe6+ Kh7 29.Nd1 Re8
30.Ne3 Rxe6 31.Rxe6 Rf6 32.Rxf6 gxf6 33.Ng4 Qf5 34.Rc3 Qf4+ 35.Kh1 Nxd4 36.Be3 Qg3
37.Rc2 Nxc2  0-1

[Event "Tata Steel India Blitz w"]
[Site "Kolkata IND"]
[Date "2023.09.04"]
[Round "14.4"]
[White "Vantika,Agrawal"]
[Black "Krush,I"]
[Result "1/2-1/2"]
[WhiteElo "2430"]
[BlackElo "2447"]

1.d4 d5 2.c4 dxc4 3.Nf3 a6 4.e3 Bg4 5.Bxc4 e6 6.h3 Bh5 7.O-O Nf6 8.Be2 Nc6
9.b3 Bd6 10.Bb2 O-O 11.Nbd2 Qe7 12.Nc4 Rfd8 13.Qc2 Nb4 14.Qc1 Bxf3 15.Bxf3 Nd3
16.Qc2 Nxb2 17.Qxb2 c6 18.Rfd1 Bc7 19.Rac1 Nd5 20.Qe2 Nf6 21.g3 Rd7 22.h4 Rad8
23.Kg2 h6 24.Qb2 Nd5 25.e4 Nf6 26.Rd2 b5 27.Ne3 Bb6 28.e5 Ne8 29.Bxc6 Bxd4
30.Qc2 Bxe3 31.Rxd7 Rxd7 32.Bxd7 Bxc1 33.Bxe8 Ba3 34.Qc8 Qf8 35.Qc6 Bb2 36.f4 Qb4
37.Qc2 Qd4 38.Bc6 Bc3 39.Bf3 g6 40.h5 gxh5 41.Bxh5 Qd2+ 42.Qxd2 Bxd2 43.Bf3 a5
44.a4 bxa4 45.bxa4 Kg7 46.Bc6 Bb4 47.Kf3 Be1  1/2-1/2

[Event "Tata Steel India Blitz w"]
[Site "Kolkata IND"]
[Date "2023.09.04"]
[Round "15.2"]
[White "Krush,I"]
[Black "Shuvalova,Polina"]
[Result "0-1"]
[WhiteElo "2447"]
[BlackElo "2496"]

1.d4 Nf6 2.c4 e6 3.Nc3 d5 4.Bg5 Be7 5.e3 O-O 6.Nf3 h6 7.Bh4 Nbd7 8.Rc1 c5
9.dxc5 dxc4 10.c6 Nb6 11.cxb7 Bxb7 12.Be2 Qc7 13.O-O Rfd8 14.Qc2 Rac8 15.Rfd1 Qc6
16.h3 a5 17.a3 Ba8 18.Rxd8+ Rxd8 19.Rd1 Rb8 20.Ne1 Nbd5 21.Nxd5 exd5 22.Nf3 Qb7
23.Rb1 Ne4 24.Bxe7 Qxe7 25.Nd4 Qf6 26.Bf3 Nc5 27.Be2 a4 28.Rd1 Bb7 29.Bf1 Ne4
30.g3 Nc5 31.Be2 Re8 32.Bf1 Rd8 33.Nb5 Bc6 34.Nc3 Qe5 35.Qd2 Rb8 36.Qc2 g6
37.Qd2 h5 38.h4 Nb3 39.Qc2 Nc5 40.Qd2 Kg7 41.Qc2 Rb7 42.Rd2 Nb3 43.Rd1 Nc5
44.Qd2 Nb3 45.Qc2 Re7 46.Bg2 Rd7 47.Bf1 Nc5 48.Ne2 Rb7 49.Nd4 Bd7 50.Qd2 Be6
51.Qc2 Rb6 52.Re1 Qf6 53.Rd1 Ne4 54.Bg2 Nc5 55.Bf1 Bg4 56.Re1 Qe5 57.Qc3 Qf6
58.Qc2 Nb3 59.Ne2 Bxe2 60.Bxe2 Nc5 61.Rb1 Qe5 62.Bf1 Rb3 63.Bg2 Nd3 64.Qd2 Rxb2
65.Rxb2 Qxb2 66.Qa5 Qxf2+ 67.Kh2 Ne1 68.Qc3+ Kh7  0-1

[Event "Tata Steel India Blitz w"]
[Site "Kolkata IND"]
[Date "2023.09.04"]
[Round "16.4"]
[White "Dronavalli,Harika"]
[Black "Krush,I"]
[Result "1/2-1/2"]
[WhiteElo "2500"]
[BlackElo "2447"]

1.c4 c5 2.Nf3 Nc6 3.d4 cxd4 4.Nxd4 g6 5.e4 Bg7 6.Be3 Nf6 7.Nc3 Ng4 8.Qxg4 Nxd4
9.Qd1 e5 10.Bd3 O-O 11.O-O d6 12.Ne2 Be6 13.b3 Qd7 14.Qd2 a6 15.Nxd4 exd4
16.Bh6 Bxh6 17.Qxh6 f5 18.exf5 Bxf5 19.Qd2 Rae8 20.Rad1 d5 21.cxd5 Bxd3 22.Qxd3 Qxd5
23.Qxd4 Qxd4 24.Rxd4 Re2 25.Rd7 Rf7 26.Rd8+ Rf8 27.Rd7 Rf7 28.Rd8+ Rf8 29.Rxf8+ Kxf8
30.Ra1 Rb2 31.h4 h5 32.Rc1 Rxa2 33.Rc8+ Kg7 34.Rc7+ Kf6 35.Rxb7 a5 36.f3 a4
37.Rb6+  1/2-1/2

[Event "Tata Steel India Blitz w"]
[Site "Kolkata IND"]
[Date "2023.09.04"]
[Round "17.3"]
[White "Krush,I"]
[Black "Batsiashvili,N"]
[Result "0-1"]
[WhiteElo "2447"]
[BlackElo "2474"]

1.d4 g6 2.c4 Bg7 3.Nc3 f5 4.e4 fxe4 5.Nxe4 c6 6.Nf3 d5 7.Nc3 Bg4 8.Be2 Nh6
9.Bxh6 Bxh6 10.Ne5 Bxe2 11.Qxe2 O-O 12.h4 Nd7 13.h5 Nxe5 14.Qxe5 Bg7 15.Qe6+ Rf7
16.hxg6 hxg6 17.Qxg6 Qb6 18.O-O-O c5 19.Qh7+ Kf8 20.Nxd5 Qa5 21.a3 cxd4 22.Rd3 Rc8
23.Kb1 Rxc4 24.Nb4 Qf5 25.Qxf5 Rxf5 26.f3  0-1